00361nam a2200109Ia 4500008004100000245002200041245003300063260000900096856005400105999001900159952007300178160523s9999 xx 000 0 und d aRadioactive Waste cEdited by Rehab Abdel Rahman c2012 uhttp://www.intechopen.com/books/radioactive-waste c294880d294880 001040aCLbCLd2016-05-23l0r2016-05-23 00:00:00w2016-05-23yCBE